Städte mit G nach Bildern - Statistiken

Allgemein
  • Dieses Quiz wurde 240 mal gespielt
  • Das Durchschnittsergebnis liegt bei 7 aus 12
Antwortstatistiken
Bildquiz Hint Antwort % Korrekt
Europa Ge{nf}
93%
Europa Gö{teborg}
80%
Europa Gl{asgow}
73%
Nordamerika G{uatemala}-Stadt
72%
Afrika Gi{zeh}
70%
Europa Gr{az}
62%
Europa Ge{nua}
59%
Europa Gr{anada}
58%
Europa Ge{nt}
57%
Asien Gu{angzhou}
56%
Ozeanien G{old} C{oast}
32%
Nordamerika Gu{adalajara}
28%
Keine übereinstimmenden Quizze gefunden
Verteilung der Resultate
Anzahl Personen mit jedem Resultat
Perzentil nach korrekt beantworteten Fragen
Ihre Resultats-Entwicklung
Sie haben dieses Quiz noch nicht gespielt